Cambio climático y globalización /
A través se este programa se relaciona el proceso de la globalización, con diversos aspectos de transformación ambiental. Se resalta como ambos procesos adquieren una dimensión planetaria e impactan también en el deterioro del medio ambiente. La idea básica es mostrar cómo se manifiestan estos cambi...
Guardado en:
| Autor Principal: | |
|---|---|
| Autor Corporativo: | |
| Formato: | |
| Publicado: |
Argentina,
2009
|
| Series: | Horizontes. Ciencias Sociales
|
| Materias: | |
| Acceso en línea: | https://www.educ.ar/recursos/105875/cambio-climatico-y-globalizacion |
| Etiquetas: |
Agregar Etiqueta
Sin Etiquetas, Sea el primero en etiquetar este registro!
|
| LEADER | 01343ngm a22003375g 4500 | ||
|---|---|---|---|
| 001 | CEM.cems023954 | ||
| 008 | 130507s2009##################0###0#####d | ||
| 005 | 20250717182734.0 | ||
| 245 | 1 | 0 | |a Cambio climático y globalización / |c Juan Cruz Saenz. |
| 260 | |a Argentina, |c 2009 | ||
| 300 | |a 28'. | ||
| 490 | 0 | |a Horizontes. Ciencias Sociales | |
| 538 | |a Soporte: DVD - Grabación DRD | ||
| 520 | |a A través se este programa se relaciona el proceso de la globalización, con diversos aspectos de transformación ambiental. Se resalta como ambos procesos adquieren una dimensión planetaria e impactan también en el deterioro del medio ambiente. La idea básica es mostrar cómo se manifiestan estos cambios a nivel global. | ||
| 500 | |a Consultar en ventanilla. | ||
| 100 | 1 | |a Saenz, Juan Cruz | |
| 710 | 2 | |a Canal Encuentro. | |
| 082 | 3 | 0 | |/ SAE-3 |
| 653 | |a CIENCIAS SOCIALES | ||
| 653 | |a HORIZONTES | ||
| 653 | |a SOCIEDAD | ||
| 653 | |a CAMBIO CLIMATICO | ||
| 653 | |a MEDIO AMBIENTE | ||
| 653 | |a CLIMA | ||
| 653 | |a EFECTO INVERNADERO | ||
| 653 | |a CALENTAMIENTO GLOBAL | ||
| 653 | |a GLOBALIZACIÓN | ||
| 653 | |a CONTAMINACION | ||
| 653 | |a SERIE DE TELEVISIÓN | ||
| 856 | |u https://www.educ.ar/recursos/105875/cambio-climatico-y-globalizacion | ||
| 859 | |a CEMS |b BIB. CEMS - Depto. Recursos Didacticos |h 300 |i SAE-3 |k DRD |p 2597.15 |t Ej.1 | ||
